| 000 | 00812nam a22002777a 4500 | ||
|---|---|---|---|
| 003 | UA-OsUOA | ||
| 001 | 28898 | ||
| 007 | ta | ||
| 008 | 20050512b un ||||| |||| 00| 0 ukr d | ||
| 100 | _aПчелов Е. В. | ||
| 700 | _aЧумаков В. Т. | ||
| 090 |
_a94(47+571) (038) _bП92 |
||
| 942 | _cBK | ||
| 040 |
_aUA-OsUOA _brus _cUA-OsUOA _dUA-OsUOA |
||
| 245 |
_aПравители России от Юрия Долгорукого до наших дней _bСправочник по истории России |
||
| 300 |
_a296 с. _bІлюстрації |
||
| 955 | _a0 | ||
| 041 | _arus | ||
| 080 | _a94(47+571) (038) | ||
| 020 | _a5-89135-140-4 | ||
| 260 |
_aМ. _bГранть _c2000 |
||
| 044 | _aRU | ||
| 250 | _n4е изд., испр. и доп. | ||
| 650 | 7 | _2UDC | |
| 999 |
_c315272 _d315272 |
||